|
|
|
|
| LEADER |
00000cam a2200000 i 4500 |
| 001 |
1/59265 |
| 008 |
020305s1991 gr | ||| |||| ||gre|| |
| 020 |
|
|
|a 9607219325
|
| 035 |
|
|
|l 10000472
|
| 040 |
|
|
|a GR-MyUA
|b gre
|e AACR2
|
| 041 |
0 |
|
|a gre
|
| 082 |
0 |
|
|a 621.382
|
| 100 |
1 |
|
|a Taub, Herbert.
|
| 245 |
1 |
0 |
|a Τηλεπικοινωνιακά συστήματα /
|c Taub/Schilling ; απόδοση στην Ελληνικη Γεώργιος Κ. Τσίρης , Σωτήριος Σ. Κουκουρλής.
|
| 250 |
|
|
|a 2η έκδ.
|
| 260 |
|
|
|a Θεσσαλονίκη :
|b Τζιόλα,
|c 1998.
|
| 300 |
|
|
|a 765 σ. :
|b σχέδια ;
|c 25 εκ.
|
| 500 |
|
|
|a Τίτλος πρωτοτύπου: Principles of communication systems.
|
| 650 |
0 |
0 |
|a Telecommunication.
|
| 650 |
0 |
0 |
|a Telecommunication systems.
|
| 700 |
1 |
|
|a Schilling, Donald L.
|
| 700 |
1 |
|
|a Τσίρης, Γεώργιος Κ.
|e trl
|
| 700 |
1 |
|
|a Κουκουρλής, Σωτήριος Σ.
|e trl
|
| 852 |
|
|
|a INST
|b SAMOS
|e 20020305
|h 621.382 TAU
|p 005300020303
|q 005300020303
|t BK
|y 0
|
| 852 |
|
|
|a INST
|b SAMOS
|e 20020305
|h 621.382 TAU
|p 005300020304
|q 005300020304
|t BK
|y 0
|
| 852 |
|
|
|a INST
|b SAMOS
|e 20020305
|h 621.382 TAU
|p 005300020305
|q 005300020305
|t BK
|y 0
|
| 901 |
|
|
|a BIBL3-2002-1
|
| 909 |
|
|
|a Σ
|b 087297
|
| 909 |
|
|
|a Σ
|b 087296
|
| 909 |
|
|
|a Σ
|b 087295
|
| 970 |
|
|
|a ΜΑΛΑΓΑΡΗ
|b ΦΩΤΕΙΝΗ
|z 2002/03/05
|